000 00950nam a2200205Ii 4500
003 JO-AjNU
008 230605s9999||||xx |||||||||||||| ||und||
040 _aJO-AjNU
_bara
_erda
_cJO-AjNU
041 _aara
050 1 4 _aDS248.M5.B87.1996
100 3 _aتأليف: ابن شبة النمري البصري، ابي زيد عمر؛ علق عليه وخرج احاديثه: علي محمد دندل ياسين سعد الدين بيان,
_eauthor
_959060
245 0 0 _aكتاب تاريخ المدينة المنورة(اخبار المدينة المنورة)، ج2
250 _aط1
264 3 1 _aبيروت: دار الكتب العلمية، 1996
300 _aج2: 312
_bيحتوي على فهرس من ص 311-312
336 _atext
_btxt
_2rdacontent
337 _aunmediated
_bn
_2rdamedia
338 _avolume
_bnc
_2rdacarrier
650 4 _aالمدينة المنورة - تاريخ - وصف ورحلات - المسجد النبوي
_959061
999 _aA26558
_c30126
_d30126